Central Library OPAC University of Rajshahi
Normal view MARC view

Entry Personal Name

Number of records used in: 8

001 - CONTROL NUMBER

  • control field: 7222

003 - CONTROL NUMBER IDENTIFIER

  • control field: BD-RjUL

005 - DATE AND TIME OF LATEST TRANSACTION

  • control field: 20230327114243.0

008 - FIXED-LENGTH DATA ELEMENTS

  • fixed length control field: 230327|| aca||aabn | a|a d

040 ## - CATALOGING SOURCE

  • Original cataloging agency: BD-RjUL
  • Transcribing agency: BD-RjUL

100 ## - HEADING--PERSONAL NAME

  • Personal name: Kabir, A. Y. M. Alamgir

670 ## - SOURCE DATA FOUND

  • Source citation: Work cat.: (BD-RjUL)81309: Kabir, A. Y. M. Alamgir, Association between Size at Birth and Maternal Factors in Rural Bangladesh :, 2016